| 000 | 01408nam a22002777a 4500 | ||
|---|---|---|---|
| 005 | 20091214110155.0 | ||
| 008 | 091214t xxu||||| |||| 00| 0 eng d | ||
| 010 | _aB-380601-603 | ||
| 020 |
_a9780007244478 _c75.00 |
||
| 035 | _aB-380601-603 | ||
| 037 | _bUBH | ||
| 040 |
_adpl _bEnglish |
||
| 082 | _aS | ||
| 100 | _aTaylor, Sean | ||
| 245 |
_aMojo and Weeza and the funny thing / _cby Sean Taylor; illustrated by Julian Mosedale |
||
| 260 |
_aLondon _bCollins _c2007 |
||
| 270 |
_a77-85, Fulham Palace Road, Hammersmith _bLondon |
||
| 300 |
_a24p.: _bcol. ill. _c21cm(pbk) |
||
| 490 |
_aCollins big cat read at home; edited by Cliff Moon _vlevel 3 book b- explore reading |
||
| 700 | _aMosedale, Julian | ||
| 942 |
_2ddc _cCH _mTAY _hS |
||
| 999 |
_c32711 _d32711 |
||